[Event "35th WCh U20 Girls"]
[Site "Tarvisio ITA"]
[Date "2017.11.14"]
[Round "2"]
[White "Sibajeva, Marija"]
[Black "Figueroa Bernal, Julia Dennis"]
[Result "0-1"]
[WhiteElo "2016"]
[BlackElo "1690"]
[EventDate "2017.11.13"]
[PlyCount "126"]

1.e4 c5 2.Nf3 e6 3.d4 cxd4 4.Nxd4 a6 5.c4 Qc7 6.Nc3 Nf6 7.Be3 d6 8.Be2 Be7
9.O-O O-O 10.Rc1 Nbd7 11.Qd2 b6 12.f3 Bb7 13.Kh1 Rac8 14.b3 Qb8 15.Rfd1 
Bd8 16.Nc2 Bc7 17.Bf4 Ne5 18.Bg3 Ned7 19.Bf4 Ne5 20.Bg3 Rfd8 21.f4 Ned7 
22.Bf3 Nc5 23.Bh4 Ncd7 24.Nd4 Re8 25.f5 d5 26.exd5 Bf4 27.Qf2 exd5 28.Rc2 
Be3 29.Qf1 dxc4 30.bxc4 Bxf3 31.Nxf3 Qf4 32.Nd5 Qxf5 33.Re2 Bc5 34.Bf2 
Rxe2 35.Qxe2 Qe6 36.Qxe6 fxe6 37.Nxf6+ Nxf6 38.Bxc5 Rxc5 39.Rd4 e5 40.Rd8+
Kf7 41.Rd1 e4 42.Nd2 Ra5 43.Rf1 e3 44.Nf3 Rxa2 45.Re1 Rf2 46.Rxe3 Rf1+ 47.
Ng1 Ng4 48.Rf3+ Rxf3 49.Nxf3 Kf6 50.Kg1 Ne5 51.Nd2 a5 52.Kf1 a4 53.c5 b5 
54.Ne4+ Ke7 55.Nc3 a3 56.Nd5+ Kd7 57.Nb4 Nc6 58.Nc2 a2 59.Ke1 Nd4 60.Na1 
b4 61.Kd2 Kc6 62.Kc1 Kxc5 63.Kb2 b3 0-1

[Event "35th WCh U20 Girls"]
[Site "Tarvisio ITA"]
[Date "2017.11.14"]
[Round "2"]
[White "Ganzova, Veronika"]
[Black "Srdanovic, Jovana"]
[Result "0-1"]
[WhiteElo "1633"]
[BlackElo "2015"]
[EventDate "2017.11.13"]
[PlyCount "76"]

1.e4 c5 2.Nf3 e6 3.d4 cxd4 4.Nxd4 a6 5.Nc3 b5 6.Bd3 Qb6 7.Nf3 Qc7 8.O-O 
Bb7 9.Re1 d6 10.Bd2 Nd7 11.b4 Be7 12.a4 bxa4 13.Nxa4 Bf6 14.Ra3 Ne7 15.Bc3
Nc6 16.Bxf6 gxf6 17.Qd2 Ke7 18.Rc3 Nb6 19.Ra1 Nxa4 20.Rxa4 Qb6 21.Rb3 Rhc8
22.b5 axb5 23.Bxb5 Rxa4 24.Bxa4 Qa7 25.Bb5 Qa1+ 26.Bf1 Rc7 27.Qe2 Ne5 28.
Nxe5 Qxe5 29.f3 Qd4+ 30.Kh1 Bc6 31.Qd3 Qf2 32.Rc3 Kd7 33.Qe2 Qb6 34.g3 Qa5
35.Qe3 Rb7 36.Kg2 Rb2 37.Qd4 Qa1 38.Qxf6 Rxc2+ 0-1

[Event "35th WCh U20 Girls"]
[Site "Tarvisio ITA"]
[Date "2017.11.14"]
[Round "2"]
[White "Li Zhuoling"]
[Black "Zairbek Kyzy, Begimay"]
[Result "1-0"]
[WhiteElo "2006"]
[BlackElo "1599"]
[EventDate "2017.11.13"]
[PlyCount "47"]

1.e4 c6 2.d4 d5 3.e5 c5 4.dxc5 e6 5.a3 Nd7 6.Nf3 Bxc5 7.Bd3 Ne7 8.O-O Nc6 
9.b4 Be7 10.Bb2 O-O 11.c4 Qc7 12.cxd5 exd5 13.Qc2 Bd8 14.Bxh7+ Kh8 15.Re1 
Re8 16.Nbd2 Re6 17.Bf5 Rh6 18.Rac1 Qb6 19.Qd3 Bc7 20.Bxd7 Bxd7 21.b5 Bg4 
22.bxc6 Qxb2 23.Rb1 Qa2 24.Ra1 1-0

[Event "35th WCh U20 Girls"]
[Site "Tarvisio ITA"]
[Date "2017.11.14"]
[Round "2"]
[White "Andolfatto, Maria"]
[Black "Braganza, Nadia"]
[Result "1-0"]
[WhiteElo "1970"]
[BlackElo "1536"]
[EventDate "2017.11.13"]
[PlyCount "77"]

1.Nf3 Nf6 2.c4 g6 3.g3 Bg7 4.Bg2 O-O 5.d4 d6 6.Nc3 Nbd7 7.O-O e5 8.e4 exd4
9.Nxd4 Ne5 10.b3 Bd7 11.h3 Rb8 12.Re1 Re8 13.Bb2 a6 14.a4 h6 15.Kh2 Kh7 
16.Qd2 Ng8 17.f4 Nc6 18.Nf3 Na5 19.Qc2 f5 20.Nh4 Ne7 21.Nd5 Bxb2 22.Qxb2 
Nxd5 23.cxd5 Rf8 24.Bf1 c5 25.b4 cxb4 26.Qxb4 Bc8 27.e5 dxe5 28.Rxe5 b6 
29.Re7+ Kg8 30.Nxg6 Rf7 31.Rxf7 Kxf7 32.Ne5+ Kg7 33.Rc1 Bb7 34.d6 Rc8 35.
Rxc8 Bxc8 36.d7 Bb7 37.Qd6 Kg8 38.Qg6+ Kh8 39.Nf7# 1-0

[Event "35th WCh U20 Girls"]
[Site "Tarvisio ITA"]
[Date "2017.11.14"]
[Round "2"]
[White "Cui, Cynthia"]
[Black "Louka, Magdalini"]
[Result "1/2-1/2"]
[WhiteElo "1553"]
[BlackElo "1955"]
[EventDate "2017.11.13"]
[PlyCount "63"]

1.c4 b6 2.Nf3 Bb7 3.g3 e6 4.Bg2 Nf6 5.O-O Be7 6.Nc3 O-O 7.d4 d5 8.cxd5 
exd5 9.Ne5 Nbd7 10.Qb3 c6 11.Nd3 Re8 12.Bd2 Bf8 13.Rac1 Ne4 14.Be3 Nd6 15.
Bd2 Nf5 16.e3 Nd6 17.Ne2 Nc4 18.Rfd1 Nf6 19.Bb4 Bxb4 20.Qxb4 a5 21.Qc3 Ne4
22.Qc2 Qe7 23.b3 Ncd6 24.Ne5 Rac8 25.Nc3 f6 26.Nf3 Ba6 27.Na4 Qc7 28.Ne1 
Bb5 29.Nc3 Nxc3 30.Qxc3 Ne4 31.Qc2 Qe7 32.Nd3 1/2-1/2

[Event "35th WCh U20 Girls"]
[Site "Tarvisio ITA"]
[Date "2017.11.15"]
[Round "3"]
[White "Abdumalik, Zhansaya"]
[Black "Vaishali, Ramesh Babu"]
[Result "1-0"]
[WhiteElo "2428"]
[BlackElo "2325"]
[EventDate "2017.11.13"]
[PlyCount "113"]

1.e4 c5 2.Nf3 d6 3.d4 Nf6 4.Nc3 cxd4 5.Nxd4 Nc6 6.Bg5 Bd7 7.Qd2 Rc8 8.
O-O-O Nxd4 9.Qxd4 Qa5 10.f4 Rxc3 11.bxc3 e5 12.Qb4 Qxb4 13.cxb4 Nxe4 14.
Bh4 g5 15.fxg5 Be7 16.Bc4 Nxg5 17.Rhf1 Be6 18.Bb5+ Kd8 19.Kb2 Ne4 20.Bd3 
Bxh4 21.Bxe4 Ke7 22.h3 h5 23.Rf3 Rd8 24.Bxb7 f5 25.Rc3 e4 26.Rc7+ Kf6 27.
Ba6 Bf2 28.Be2 Rb8 29.a3 Ke5 30.Rf1 Bb6 31.Re7 Rc8 32.c4 Bd4+ 33.Kb3 Rg8 
34.Bxh5 Rg3+ 35.Ka4 Kf6 36.Rc7 Bb6 37.Rb7 Bxc4 38.Rc1 d5 39.Be8 Bd4 40.Bb5
Bb2 41.Bxc4 Rxa3+ 42.Kb5 Bxc1 43.Bxd5 Rg3 44.Rc7 Bd2 45.Rxa7 Rxg2 46.Ra2 
Ke5 47.Kc4 f4 48.Ra8 Re2 49.b5 Bc1 50.Re8+ Kf5 51.b6 Rc2+ 52.Kb5 Rb2+ 53.
Kc6 f3 54.Bxe4+ Kf4 55.b7 Be3 56.Bxf3 Rb6+ 57.Kd5 1-0

[Event "35th WCh U20 Girls"]
[Site "Tarvisio ITA"]
[Date "2017.11.15"]
[Round "3"]
[White "Tsolakidou, Stavroula"]
[Black "Khademalsharieh, Sarasadat"]
[Result "1/2-1/2"]
[WhiteElo "2340"]
[BlackElo "2419"]
[EventDate "2017.11.13"]
[PlyCount "141"]

1.d4 Nf6 2.c4 e6 3.g3 d5 4.Bg2 dxc4 5.Nf3 a6 6.O-O Nc6 7.e3 Bd7 8.Qe2 Bd6 
9.Qxc4 O-O 10.Rd1 Rb8 11.Nbd2 e5 12.dxe5 Nxe5 13.Nxe5 Bxe5 14.Nf3 Qe7 15.
Nxe5 Qxe5 16.Bd2 Bg4 17.Bc3 Qb5 18.Rd4 Qxc4 19.Rxc4 c6 20.Be5 Ra8 21.Bxf6 
Be6 22.Rb4 gxf6 23.Rxb7 c5 24.Rc7 Rac8 25.Ra7 c4 26.Rxa6 Rb8 27.b3 cxb3 
28.axb3 Rxb3 29.h3 Rfb8 30.R6a4 Rb1+ 31.Rxb1 Rxb1+ 32.Kh2 Rb2 33.Rf4 Kg7 
34.g4 Rd2 35.Kg3 Rb2 36.Bf1 Rb1 37.Bd3 Rg1+ 38.Kh2 Rd1 39.Rd4 Re1 40.Be4 
Re2 41.Kg3 Re1 42.Ra4 Rg1+ 43.Kh2 Re1 44.Ra5 h6 45.Bg2 Re2 46.Kg3 Re1 47.
Ra3 Rd1 48.f4 Bd5 49.e4 Be6 50.Re3 Rb1 51.Bf3 Rb5 52.Be2 Rc5 53.h4 Kf8 54.
Bf3 Kg7 55.f5 Bc8 56.Kf4 Rc4 57.g5 hxg5+ 58.hxg5 fxg5+ 59.Kxg5 f6+ 60.Kf4 
Bd7 61.Rb3 Bc6 62.Rb8 Bd5 63.Rd8 Bf7 64.Rd7 Kf8 65.Be2 Rc5 66.Rd1 Ra5 67.
Rd8+ Ke7 68.Rb8 Ra4 69.Rb7+ Kf8 70.Rb8+ Ke7 71.Rb7+ 1/2-1/2

[Event "35th WCh U20 Girls"]
[Site "Tarvisio ITA"]
[Date "2017.11.15"]
[Round "3"]
[White "Zhu Jiner"]
[Black "Obolentseva, Alexandra"]
[Result "0-1"]
[WhiteElo "2363"]
[BlackElo "2320"]
[EventDate "2017.11.13"]
[PlyCount "74"]

1.e4 c5 2.Nf3 d6 3.d4 cxd4 4.Nxd4 Nf6 5.Nc3 a6 6.Nb3 g6 7.Be3 Bg7 8.Be2 
O-O 9.O-O Nbd7 10.f4 b5 11.Bf3 Bb7 12.a3 Rc8 13.Qd3 Qc7 14.Rad1 Rfd8 15.
Qe2 Nb6 16.e5 dxe5 17.Bxb7 Rxd1 18.Qxd1 Qxb7 19.fxe5 Nfd5 20.Qf3 e6 21.Bd4
Qc7 22.Ne4 Nc4 23.Ng5 Nxe5 24.Qh3 h5 25.Nxe6 fxe6 26.Qxe6+ Kh7 27.Bxe5 
Qxe5 28.Qxc8 Qe3+ 29.Kh1 Qe2 30.Rg1 Nf6 31.Nd4 Ne4 32.Rb1 Bxd4 33.Qd7+ Bg7
34.Qc7 Qe3 35.Qf7 Nf2+ 36.Kg1 Ng4+ 37.Kh1 Qe5 0-1

[Event "35th WCh U20 Girls"]
[Site "Tarvisio ITA"]
[Date "2017.11.15"]
[Round "3"]
[White "Antova, Gabriela"]
[Black "Nomin-Erdene, Davaademberel"]
[Result "0-1"]
[WhiteElo "2257"]
[BlackElo "2358"]
[EventDate "2017.11.13"]
[PlyCount "142"]

1.d4 f5 2.c4 Nf6 3.g3 g6 4.Bg2 Bg7 5.Nh3 O-O 6.O-O Nc6 7.Nc3 d6 8.d5 Ne5 
9.Qc2 c5 10.b3 Rb8 11.Bb2 a6 12.a4 b6 13.Nf4 Ne8 14.h3 Nc7 15.e4 Qe8 16.
Qe2 Bd7 17.exf5 Rxf5 18.Ne4 b5 19.axb5 axb5 20.Bc3 bxc4 21.bxc4 Bc8 22.Ra7
Rb7 23.Rfa1 Qd8 24.Kh1 Qf8 25.Rxb7 Bxb7 26.Ra7 Qc8 27.Qb2 Ba8 28.Qb6 Ne8 
29.Qa6 Qxa6 30.Rxa6 Bb7 31.Ra7 Bc8 32.Rxe7 Rf8 33.Bf1 Nf7 34.Ne6 Bxc3 35.
Nxc3 Bxe6 36.dxe6 Nd8 37.Nd5 Nc6 38.Rd7 Rxf2 39.Bg2 Re2 40.Nf4 Re1+ 41.Kh2
Nb4 42.h4 Nf6 43.Bd5 Nbxd5 44.cxd5 Ne8 45.g4 Rc1 46.g5 Rf1 47.Kg3 Rg1+ 48.
Kf3 Rf1+ 49.Ke3 Rh1 50.Ng2 c4 51.Rd8 Kf8 52.Rc8 Rh3+ 53.Kf4 c3 54.Ne3 
Rxh4+ 55.Ng4 Ke7 56.Kg3 Rh1 57.Rxc3 Rd1 58.Ne3 Rg1+ 59.Kf4 Ng7 60.Rc7+ Kf8
61.Ng4 Nh5+ 62.Kf3 Rg3+ 63.Kf2 Rxg4 64.Rc8+ Ke7 65.Rc7+ Kd8 66.Rd7+ Ke8 
67.Rxd6 Rxg5 68.Rd7 Nf6 69.Rf7 Rf5+ 70.Kg2 Nxd5 71.Rxh7 Nf4+ 0-1

[Event "35th WCh U20 Girls"]
[Site "Tarvisio ITA"]
[Date "2017.11.15"]
[Round "3"]
[White "Kanakova, Natalie"]
[Black "Osmak, Yulia"]
[Result "0-1"]
[WhiteElo "2134"]
[BlackElo "2345"]
[EventDate "2017.11.13"]
[PlyCount "182"]

1.e4 e6 2.d4 d5 3.Nd2 c5 4.Ngf3 cxd4 5.Nxd4 Nc6 6.Bb5 Bd7 7.Nxc6 Bxc6 8.
Bxc6+ bxc6 9.c4 Rc8 10.O-O Nf6 11.Qe2 Be7 12.b3 O-O 13.Bb2 Qb6 14.Rac1 d4 
15.e5 Nd7 16.Qe4 c5 17.f4 g6 18.Qd3 a5 19.a4 Rb8 20.Ba3 f5 21.g3 g5 22.Kf2
Kh8 23.Ke2 Rg8 24.Rg1 Rg6 25.Rcf1 Rbg8 26.Qb1 Qb7 27.Kd3 Rh6 28.Rf2 Rhg6 
29.Rgf1 gxf4 30.gxf4 Bh4 31.Re2 Rg2 32.Qd1 Be7 33.Rf3 Rg1 34.Re1 R1g4 35.
Re2 Bf8 36.Qe1 Nb6 37.Qf2 Qc6 38.Bb2 Be7 39.Qf1 Rg1 40.Qh3 Rb8 41.Kc2 Qb7 
42.Ba3 Qd7 43.Rg2 Rxg2 44.Qxg2 Rd8 45.Kd3 Rb8 46.Rh3 Qe8 47.Qf3 Nd7 48.Rh6
Nf8 49.Qf2 Ng6 50.Rh3 Qc6 51.Bc1 Qg2 52.Rf3 Qh1 53.Kc2 Bh4 54.Qe2 Rd8 55.
Nf1 Qg1 56.Ng3 Bxg3 57.hxg3 Ne7 58.Kb2 Rg8 59.Qd3 Nc6 60.Bd2 Qg2 61.Kc1 
Rg6 62.Be1 Qg1 63.Qf1 Qh2 64.Qd3 Rh6 65.Rf1 Qg2 66.Qf3 Rh2 67.Qxg2 Rxg2 
68.Kd1 Rb2 69.Rf3 Rb1+ 70.Ke2 Kg7 71.Kf2 Kg6 72.Rd3 Kh5 73.Ke2 Kg4 74.Kf2 
Rb2+ 75.Kf1 h5 76.Bd2 Nb4 77.Bxb4 axb4 78.Ke1 h4 79.gxh4 Kxh4 80.Kd1 Kg4 
81.Kc1 Ra2 82.Rd2 Ra3 83.Kb2 Kxf4 84.Re2 d3 85.Re1 d2 86.Rf1+ Ke3 87.Rh1 
f4 88.Rh3+ f3 89.Rh1 Ke2 90.a5 d1=Q 91.a6 Qxb3+ 0-1

[Event "35th WCh U20 Girls"]
[Site "Tarvisio ITA"]
[Date "2017.11.15"]
[Round "3"]
[White "Assaubaeva, Bibisara"]
[Black "Uuriintuya, Uurtsaikh"]
[Result "1-0"]
[WhiteElo "2395"]
[BlackElo "2213"]
[EventDate "2017.11.13"]
[PlyCount "81"]

1.d4 Nf6 2.c4 g6 3.f3 Bg7 4.e4 d6 5.Nc3 O-O 6.Be3 Nbd7 7.Nge2 c5 8.d5 a6 
9.Ng3 h5 10.Be2 Ne5 11.O-O e6 12.a4 exd5 13.cxd5 Rb8 14.h3 h4 15.Nh1 Ne8 
16.Nf2 Nc7 17.f4 Nd7 18.e5 dxe5 19.Nfe4 exf4 20.Bxf4 Bd4+ 21.Kh1 b5 22.
axb5 axb5 23.Nxb5 Be5 24.Bxe5 Nxe5 25.Nxc7 Qxc7 26.Qc1 Nd7 27.d6 Qb7 28.
Qf4 Qb4 29.Bc4 Kg7 30.Bxf7 Bb7 31.Ng5 Qxf4 32.Rxf4 Nf6 33.Bc4 Bc8 34.Ra7+ 
Kh6 35.Nf7+ Kg7 36.Ne5+ Kh6 37.d7 Bb7 38.Rxf6 Bxg2+ 39.Kxg2 Rxb2+ 40.Kg1 
Rb1+ 41.Rf1 1-0

[Event "35th WCh U20 Girls"]
[Site "Tarvisio ITA"]
[Date "2017.11.15"]
[Round "3"]
[White "Shuvalova, Polina"]
[Black "Yuan Ye"]
[Result "1-0"]
[WhiteElo "2386"]
[BlackElo "2196"]
[EventDate "2017.11.13"]
[PlyCount "103"]

1.d4 d5 2.Nf3 c6 3.c4 e6 4.e3 f5 5.Bd3 Nf6 6.O-O Bd6 7.b3 Qe7 8.a4 a5 9.
Ba3 Na6 10.Bxd6 Qxd6 11.c5 Qc7 12.Bxa6 Rxa6 13.Nbd2 O-O 14.Ne5 Kh8 15.f4 
Bd7 16.Rc1 Be8 17.h3 Rg8 18.g4 g5 19.fxg5 Rxg5 20.Kh1 Qe7 21.Qf3 Ra8 22.
Qf4 Rg8 23.Rf2 Bg6 24.g5 Nh5 25.Qh4 Raf8 26.Rg1 Be8 27.Nd3 Qg7 28.Nf3 Bf7 
29.Nfe5 Be8 30.Rfg2 Qe7 31.Qf2 Bg6 32.Qf3 Qe8 33.Nf4 Nxf4 34.exf4 Rg7 35.
Re1 Bh5 36.Qc3 Qd8 37.Rg3 Qc7 38.h4 Ra8 39.Kh2 Ra7 40.Nd3 Re7 41.Re5 Ra8 
42.Qe1 Rae8 43.Rge3 Bf7 44.Nf2 Bh5 45.Kg2 Bf7 46.Nh1 Bh5 47.Ng3 Bg4 48.h5 
Kg7 49.Rxe6 Rxe6 50.Rxe6 Rxe6 51.Qxe6 Qf7 52.h6+ 1-0

[Event "35th WCh U20 Girls"]
[Site "Tarvisio ITA"]
[Date "2017.11.15"]
[Round "3"]
[White "Arpita, Mukherjee"]
[Black "Badelka, Olga"]
[Result "1/2-1/2"]
[WhiteElo "2210"]
[BlackElo "2374"]
[EventDate "2017.11.13"]
[PlyCount "99"]

1.e4 c5 2.Nf3 e6 3.d4 cxd4 4.Nxd4 Nf6 5.Nc3 Nc6 6.Ndb5 Bc5 7.Bf4 O-O 8.Bc7
Qe7 9.Bd6 Bxd6 10.Qxd6 Qd8 11.O-O-O a6 12.Nd4 Qe7 13.Nxc6 Qxd6 14.Rxd6 
bxc6 15.e5 Ng4 16.f4 f6 17.exf6 Nxf6 18.g3 Kf7 19.Rd2 d5 20.Bh3 Rb8 21.Re1
Re8 22.a3 c5 23.Rde2 Bd7 24.Re5 g6 25.g4 h5 26.gxh5 gxh5 27.Ne2 h4 28.Ng1 
Ne4 29.Nf3 Rh8 30.f5 exf5 31.Rxd5 Be6 32.Re5 Rh5 33.R1xe4 fxe4 34.Bxe6+ 
Kg6 35.Rxe4 Rf8 36.Bg4 Rhh8 37.Rc4 h3 38.Rxc5 Rf4 39.Ne5+ Kf6 40.Be2 Rg8 
41.Nd3 Re4 42.Bf3 Re3 43.Rc6+ Kf5 44.Rc5+ Kf6 45.Bd5 Rg2 46.Rc6+ Kg7 47.
Rc7+ Kh6 48.Rc6+ Kg7 49.b4 Rxh2 50.a4 1/2-1/2

[Event "35th WCh U20 Girls"]
[Site "Tarvisio ITA"]
[Date "2017.11.15"]
[Round "3"]
[White "Khomeriki, Nino"]
[Black "Janzelj, Lara"]
[Result "1-0"]
[WhiteElo "2347"]
[BlackElo "2192"]
[EventDate "2017.11.13"]
[PlyCount "59"]

1.d4 d5 2.c4 dxc4 3.Nf3 Nf6 4.e3 b5 5.a4 b4 6.Bxc4 e6 7.b3 Be7 8.Bb2 O-O 
9.Nbd2 Bb7 10.O-O c5 11.Qe2 Nbd7 12.Rfd1 cxd4 13.Nxd4 Nb6 14.Ba6 Bxa6 15.
Qxa6 Bd6 16.h3 Qc8 17.Qb5 Nfd5 18.Rac1 Qd8 19.a5 a6 20.Qc6 Rc8 21.Qb7 Rxc1
22.Rxc1 Qd7 23.Qxa6 Nc8 24.Ne4 Bb8 25.Qc6 Qd8 26.a6 Na7 27.Qb7 Qh4 28.Nxe6
Nxe3 29.Nxf8 Qf4 30.g3 1-0

[Event "35th WCh U20 Girls"]
[Site "Tarvisio ITA"]
[Date "2017.11.15"]
[Round "3"]
[White "Yu, Jennifer"]
[Black "Terbe, Zsuzsanna"]
[Result "1-0"]
[WhiteElo "2321"]
[BlackElo "2170"]
[EventDate "2017.11.13"]
[PlyCount "77"]

1.d4 d5 2.c4 c6 3.Nf3 Nf6 4.e3 g6 5.Nc3 Bg7 6.Be2 O-O 7.O-O Be6 8.cxd5 
cxd5 9.Qb3 Qb6 10.Qxb6 axb6 11.Bd2 Nc6 12.Rfc1 Rfc8 13.Be1 h6 14.Nd2 Bf5 
15.a3 Rd8 16.Nb5 Rac8 17.f3 h5 18.Bg3 Bh6 19.Kf2 Ne8 20.b4 f6 21.Nb3 e5 
22.h3 Kf7 23.Bh4 g5 24.Bg3 h4 25.Bh2 Bf8 26.Nc3 exd4 27.exd4 Bd6 28.Bxd6 
Rxd6 29.Nb5 Rdd8 30.Rc3 Ng7 31.Rac1 Ke7 32.Re3+ Kd7 33.Nc3 Kd6 34.Na4 Ra8 
35.Nxb6 Rxa3 36.Na5 Rxa5 37.bxa5 Nxd4 38.Rd1 Nge6 39.Rxe6+ 1-0

[Event "35th WCh U20 Girls"]
[Site "Tarvisio ITA"]
[Date "2017.11.15"]
[Round "3"]
[White "Aakanksha, Hagawane"]
[Black "Serikbay, Assel"]
[Result "1-0"]
[WhiteElo "2312"]
[BlackElo "2135"]
[EventDate "2017.11.13"]
[PlyCount "73"]

1.e4 c5 2.Nf3 e6 3.c4 Nc6 4.Nc3 Nf6 5.a3 e5 6.d3 h6 7.Be3 Be7 8.Nd5 b6 9.
Qa4 O-O 10.Be2 Bb7 11.O-O d6 12.b4 Nh7 13.Rab1 Nd4 14.Nxd4 cxd4 15.Bd2 Nf6
16.Nxf6+ Bxf6 17.f4 exf4 18.Bxf4 Be5 19.Rf2 Qc7 20.Rbf1 a6 21.Bg4 Qc6 22.
Qd1 Bxf4 23.Rxf4 Bc8 24.Bxc8 Qxc8 25.Qa1 b5 26.Qxd4 bxc4 27.dxc4 Qe6 28.
Qd5 Qxd5 29.exd5 Rac8 30.Rc1 Rfd8 31.Rd4 Kf8 32.c5 Ke7 33.Re4+ Kf8 34.c6 
Rc7 35.a4 Rb8 36.Rb1 a5 37.b5 1-0

[Event "35th WCh U20 Girls"]
[Site "Tarvisio ITA"]
[Date "2017.11.15"]
[Round "3"]
[White "Choladze, Mariami"]
[Black "Tokhiryonova, Gulrukhbegim"]
[Result "1/2-1/2"]
[WhiteElo "2112"]
[BlackElo "2306"]
[EventDate "2017.11.13"]
[PlyCount "82"]

1.e4 e6 2.d4 d5 3.Nd2 c5 4.Ngf3 Nc6 5.Bb5 Nf6 6.e5 Nd7 7.c3 Be7 8.O-O Qb6 
9.Bxc6 bxc6 10.Re1 cxd4 11.cxd4 c5 12.Nb3 c4 13.Nbd2 O-O 14.Nf1 f6 15.exf6
Nxf6 16.Ng3 Bd6 17.Qc2 Bd7 18.Bg5 Rab8 19.Rab1 Be8 20.Qe2 Bxg3 21.hxg3 Bg6
22.Rbc1 Bf5 23.Ne5 Rb7 24.b3 Ne4 25.Be3 cxb3 26.Rc6 Qa5 27.axb3 Nf6 28.Rc5
Qb4 29.Rec1 Qxb3 30.g4 Bg6 31.g5 Ne4 32.Rc8 Rb8 33.Rxb8 Rxb8 34.Qa6 Re8 
35.Qc6 Qb6 36.Qd7 Qd8 37.Qxa7 Qb8 38.Qa4 Nd6 39.Bf4 Qb5 40.Qxb5 Nxb5 41.
Nxg6 Nxd4 1/2-1/2

[Event "35th WCh U20 Girls"]
[Site "Tarvisio ITA"]
[Date "2017.11.15"]
[Round "3"]
[White "Stiazhkina, Anna"]
[Black "Alijanzadeh, Mohadeseh"]
[Result "1-0"]
[WhiteElo "2301"]
[BlackElo "1930"]
[EventDate "2017.11.13"]
[PlyCount "69"]

1.e4 e6 2.d4 d5 3.Nd2 c5 4.Ngf3 Nf6 5.exd5 Qxd5 6.Bc4 Qd6 7.O-O cxd4 8.Nb3
Nc6 9.Nbxd4 Nxd4 10.Nxd4 a6 11.a4 Qc7 12.Qe2 Bd6 13.Nf5 Bxh2+ 14.Kh1 O-O 
15.Nxg7 Kxg7 16.f4 h5 17.Kxh2 Ng4+ 18.Kh1 Qe7 19.Qe1 Bd7 20.f5 f6 21.b3 
Qd6 22.Qh4 Rfe8 23.Ba3 Qc6 24.Rad1 Rad8 25.Rd6 Qe4 26.Bb2 Rf8 27.Qg5+ Kf7 
28.Qg6+ Ke7 29.Rd4 Nf2+ 30.Rxf2 Qe1+ 31.Rf1 Qb4 32.Bxe6 Be8 33.Qg7+ Rf7 
34.Qxf7+ Bxf7 35.Rxb4 1-0

[Event "35th WCh U20 Girls"]
[Site "Tarvisio ITA"]
[Date "2017.11.15"]
[Round "3"]
[White "Heinemann, Josefine"]
[Black "Paramzina, Anastasia"]
[Result "1/2-1/2"]
[WhiteElo "2293"]
[BlackElo "2123"]
[EventDate "2017.11.13"]
[PlyCount "132"]

1.e4 c5 2.Nf3 d6 3.d4 cxd4 4.Nxd4 Nf6 5.Nc3 a6 6.Be3 e5 7.Nb3 Be6 8.f3 h5 
9.Qd2 Be7 10.Be2 Nbd7 11.Nd5 Nxd5 12.exd5 Bf5 13.Na5 Rb8 14.c4 O-O 15.O-O 
Nf6 16.b4 e4 17.f4 Bg4 18.h3 Bxe2 19.Qxe2 Qd7 20.Rfd1 Qf5 21.Qd2 Nd7 22.
Rac1 b6 23.Nc6 Rbe8 24.a4 Bd8 25.Ra1 Bc7 26.a5 bxa5 27.Nxa5 Bb6 28.Bxb6 
Nxb6 29.Qe3 Na8 30.Rd2 Nc7 31.Rad1 Rc8 32.Nc6 Rfe8 33.Rd4 Qg6 34.Re1 f5 
35.Rd2 Qf6 36.Rb1 Qf7 37.Rb3 h4 38.Kh2 Ra8 39.Re2 Rac8 40.Qd4 Qh5 41.Qe3 
Kh7 42.Rb1 Qh6 43.Rf2 Rf8 44.Re1 Rf6 45.Qb6 Qg6 46.Ne7 Qg3+ 47.Kg1 Qc3 48.
Rfe2 Na8 49.Qf2 Rxc4 50.Qxh4+ Rh6 51.Qg5 g6 52.Nc6 Nc7 53.Qe7+ Qg7 54.Qxd6
g5 55.Qe5 Qxe5 56.Nxe5 Rxb4 57.Nf7 Rf6 58.Nxg5+ Kg6 59.Rd1 Rd6 60.Rc2 Nxd5
61.Rc8 Rb7 62.Rh8 Rbd7 63.Rg8+ Rg7 64.Rh8 Rgd7 65.Rg8+ Rg7 66.Rh8 Rgd7 
1/2-1/2

[Event "35th WCh U20 Girls"]
[Site "Tarvisio ITA"]
[Date "2017.11.15"]
[Round "3"]
[White "Ning Kaiyu"]
[Black "Injac, Teodora"]
[Result "1-0"]
[WhiteElo "2173"]
[BlackElo "2244"]
[EventDate "2017.11.13"]
[PlyCount "75"]

1.d4 Nf6 2.c4 d6 3.Nf3 Nbd7 4.Nc3 e5 5.d5 g6 6.e4 Bg7 7.h3 Nc5 8.Bd3 Nxd3+
9.Qxd3 O-O 10.Bg5 a6 11.Qe3 Qe8 12.g4 Nd7 13.Bh6 Nc5 14.Bxg7 Kxg7 15.Ne2 
Qa4 16.b3 Qb4+ 17.Nd2 Qb6 18.Ng3 h6 19.Rg1 Kh7 20.Qf3 c6 21.h4 Bd7 22.g5 
Rae8 23.O-O-O a5 24.gxh6 Qd8 25.h5 Qe7 26.Ne2 cxd5 27.Nc3 dxe4 28.Ndxe4 
Nxe4 29.Nxe4 Bc6 30.Qf6 Qxf6 31.Nxf6+ Kxh6 32.Nxe8 Rxe8 33.hxg6 fxg6 34.
Rxd6 Be4 35.Kd2 Rg8 36.Ke3 Bc6 37.f3 Kh5 38.Re6 1-0

[Event "35th WCh U20 Girls"]
[Site "Tarvisio ITA"]
[Date "2017.11.15"]
[Round "3"]
[White "Hincu, Olga"]
[Black "Mammadzada, Gunay"]
[Result "0-1"]
[WhiteElo "2118"]
[BlackElo "2393"]
[EventDate "2017.11.13"]
[PlyCount "80"]

1.c4 e5 2.g3 c5 3.Bg2 Nc6 4.Nc3 g6 5.e3 Bg7 6.Nge2 Nge7 7.b3 d6 8.Bb2 Be6 
9.O-O O-O 10.d3 d5 11.cxd5 Nxd5 12.Ne4 b6 13.Qc2 f5 14.N4c3 Qd7 15.Rad1 
Rad8 16.Qc1 Ncb4 17.Nxd5 Bxd5 18.d4 Bxg2 19.Kxg2 Qd5+ 20.Kg1 Nxa2 21.Qc4 
Qxc4 22.bxc4 exd4 23.exd4 Rfe8 24.Nf4 cxd4 25.Ra1 Nc3 26.Rxa7 Ne2+ 27.Nxe2
Rxe2 28.Ba1 Bf8 29.Rd1 Bc5 30.Rc7 Rd6 31.Kg2 d3 32.Rg7+ Kf8 33.Rxh7 d2 34.
Bc3 Rd3 35.Ra1 d1=Q 36.Ra8+ Rd8 37.Rxd8+ Qxd8 38.Rh8+ Ke7 39.Bf6+ Kxf6 40.
Rxd8 Rxf2+ 0-1

[Event "35th WCh U20 Girls"]
[Site "Tarvisio ITA"]
[Date "2017.11.15"]
[Round "3"]
[White "Salonika, Saina"]
[Black "Dordzhieva, Dinara"]
[Result "0-1"]
[WhiteElo "2025"]
[BlackElo "2295"]
[EventDate "2017.11.13"]
[PlyCount "72"]

1.e4 c5 2.Nf3 e6 3.d4 cxd4 4.Nxd4 a6 5.Bd3 Qc7 6.Nc3 Nf6 7.Qe2 d6 8.a4 Nc6
9.Be3 Be7 10.f4 O-O 11.Nb3 b6 12.g4 Nd7 13.g5 Nb4 14.Rg1 Re8 15.h4 Bf8 16.
h5 Nc5 17.Nc1 g6 18.h6 e5 19.N1a2 Nxa2 20.Nd5 Qc6 21.Nf6+ Kh8 22.Rxa2 exf4
23.Nxe8 Qxe8 24.Bxf4 Bb7 25.Bd2 Kg8 26.Rg4 Qd7 27.Bc3 Re8 28.Qf3 Re6 29.
Kd2 d5 30.exd5 Bxd5 31.Qf2 Bxa2 32.b4 Nxd3 33.cxd3 Rc6 34.Rg3 Qc7 35.Qd4 
Rxc3 36.Qxc3 Qxg3 0-1

[Event "35th WCh U20 Girls"]
[Site "Tarvisio ITA"]
[Date "2017.11.15"]
[Round "3"]
[White "Srdanovic, Jovana"]
[Black "Terbe, Julianna"]
[Result "0-1"]
[WhiteElo "2015"]
[BlackElo "2263"]
[EventDate "2017.11.13"]
[PlyCount "122"]

1.d4 g6 2.Nf3 Bg7 3.c3 d6 4.e4 Nf6 5.Bd3 O-O 6.O-O Nbd7 7.h3 e5 8.Be3 Qe7 
9.Qc2 b6 10.Nbd2 Bb7 11.d5 Nh5 12.Rfe1 Nc5 13.Bxc5 bxc5 14.Nc4 Nf4 15.Ne3 
f5 16.c4 Nxd3 17.Qxd3 fxe4 18.Qxe4 Rf4 19.Qc2 Raf8 20.Re2 Bc8 21.Nh2 Qg5 
22.Kh1 Rh4 23.Nef1 Bf5 24.Qb3 e4 25.Qe3 Qd8 26.Ng3 Bd4 27.Qd2 Qd7 28.Nxf5 
Qxf5 29.Kg1 h5 30.Rf1 Rf4 31.Re3 Bxe3 32.Qxe3 Qe5 33.b3 Re8 34.g3 Rf7 35.
Rd1 Kg7 36.Rd2 a5 37.Kg2 a4 38.bxa4 Ra8 39.Re2 Rxa4 40.Qxe4 Qxe4+ 41.Rxe4 
Rxa2 42.Nf3 g5 43.g4 h4 44.Re6 Rc2 45.Re4 Kf8 46.Re6 Kg7 47.Re4 Kg6 48.
Re6+ Rf6 49.Re8 Rxc4 50.Rg8+ Kf7 51.Rc8 Rxf3 52.Kxf3 Rd4 53.Rxc7+ Kf6 54.
Ke3 Rxd5 55.f4 gxf4+ 56.Kxf4 Rd4+ 57.Ke3 Ra4 58.Rh7 Ra3+ 59.Ke4 Rxh3 60.
Rh6+ Kg5 61.Rxd6 Rc3 0-1

[Event "35th WCh U20 Girls"]
[Site "Tarvisio ITA"]
[Date "2017.11.15"]
[Round "3"]
[White "Cherniak, Viktoria"]
[Black "Nie Xin"]
[Result "1/2-1/2"]
[WhiteElo "2236"]
[BlackElo "2106"]
[EventDate "2017.11.13"]
[PlyCount "61"]

1.d4 Nf6 2.c4 e6 3.Nc3 d5 4.cxd5 exd5 5.Bg5 c6 6.e3 h6 7.Bh4 g5 8.Bg3 Ne4 
9.Nxe4 dxe4 10.Ne2 Bf5 11.Nc3 Bg7 12.Be2 O-O 13.h4 Nd7 14.hxg5 hxg5 15.Qc2
Qe7 16.Qb3 Nb6 17.a4 Rfd8 18.a5 Nd5 19.Bc4 Nxc3 20.bxc3 b5 21.axb6 axb6 
22.O-O b5 23.Be2 Be6 24.Qb2 Bd5 25.Rfc1 Qe6 26.Rxa8 Rxa8 27.Ra1 Rxa1+ 28.
Qxa1 Ba2 29.Bc7 Bf8 30.Qb2 Bc4 31.Bd1 1/2-1/2

[Event "35th WCh U20 Girls"]
[Site "Tarvisio ITA"]
[Date "2017.11.15"]
[Round "3"]
[White "Auvray, Honorine"]
[Black "Ghukasian, Siranush"]
[Result "0-1"]
[WhiteElo "1987"]
[BlackElo "2207"]
[EventDate "2017.11.13"]
[PlyCount "108"]

1.e4 e5 2.Nf3 Nc6 3.d4 exd4 4.Bc4 Bc5 5.c3 Nf6 6.e5 d5 7.Be2 Ne4 8.cxd4 
Bb6 9.O-O O-O 10.Nc3 Bg4 11.Be3 f6 12.exf6 Rxf6 13.Re1 h6 14.Qc2 Nxc3 15.
bxc3 Ne7 16.Ne5 Bxe2 17.Qxe2 Nf5 18.Qg4 c6 19.Rab1 Rb8 20.Bf4 Bc7 21.Ng6 
Bxf4 22.Nxf4 Qc7 23.Nh5 Rf7 24.Re6 Rbf8 25.Rbe1 Qd8 26.f3 Qa5 27.Nf4 Nxd4 
28.Ng6 Nxe6 29.Qxe6 Qc5+ 30.Kh1 Kh7 31.Nxf8+ Rxf8 32.Qe5 Qc4 33.a3 Qf4 34.
Qe7 Rf7 35.Qc5 Qd2 36.Rb1 a6 37.Kg1 Rf6 38.Qd4 Qe2 39.h3 Rg6 40.Qf2 Qd3 
41.Rxb7 Qxc3 42.Rd7 Qxa3 43.h4 Qc1+ 44.Kh2 Qf4+ 45.Kg1 h5 46.Rd8 a5 47.Qe2
Qd4+ 48.Qf2 Qe5 49.f4 Qf5 50.Ra8 Rg4 51.g3 d4 52.Re8 Qg6 53.Re5 Rxg3+ 54.
Kh2 Rc3 0-1